MLB Stadiums By Location - Statistics

General Stats
  • This quiz has been taken 646 times
    573 since last reset
  • The average score is 23 of 29
Answer Stats
Hint Answer % Correct
Dodger Stadium Los Angeles
91%
Fenway Park Boston
88%
Marlins Park Miami
88%
Oriole Park Baltimore
86%
Angel Stadium Anaheim
85%
U.S. Cellular Field Chicago
85%
Wrigley Field Chicago
85%
Busch Stadium St Louis
85%
Yankee Stadium New York City
81%
Tropicana Field Saint Petersburg
81%
Coors Field Denver
80%
PetCO Park San Diego
80%
Kauffman Stadium Kansas City
79%
Rogers Centre Toronto
79%
PNC Park Pittsburgh
78%
Comerica Park Detroit
77%
O.co Coliseum Oakland
77%
AT&T Park San Francisco
76%
National Park Washington D.C.
76%
Progressive Field Cleveland
74%
Citi Field New York City
74%
Miller Park Milwaukee
72%
Safe Co. Field Seattle
72%
Citizens Bank Park Philadelphia
69%
Chase Field Phoenix
69%
Turner Field Atlanta
68%
Great American Ball Park Cincinnati
68%
Target Field Minneapolis
68%
Globe Life Park Arlington
64%
No matching quizzes found
Score Distribution
Percent of People with Each Score
Percentile by Number Answered
Your Score History
You have not taken this quiz since the last reset